Teams That Beat LeBron James In The Playoffs - Statistics

General Stats
  • This quiz has been taken 60 times
  • The average score is 10 of 11
Answer Stats
Year Answer % Correct
2015 Golden State Warriors
94%
2017 Golden State Warriors
94%
2018 Golden State Warriors
94%
2006 San Antonio Spurs
90%
2007 San Antonio Spurs
90%
2014 San Antonio Spurs
90%
2008 Boston Celtics
88%
2010 Boston Celtics
88%
2011 Dallas Mavericks
82%
2021 Phoenix Suns
75%
2009 Orlando Magic
67%
No matching quizzes found
Score Distribution
Percent of People with Each Score
Percentile by Number Answered
Your Score History
You have not taken this quiz